| 000 | 00684nam a22002177a 4500 | ||
|---|---|---|---|
| 999 |
_c11896 _d11896 |
||
| 003 | AR-CdUCM | ||
| 008 | 190405b ||||| |||| 00| 0 spa d | ||
| 040 |
_aMUNICIPALIDAD PROVINCIAL DEL CUSCO _cBIBLIOTECA MUNICIPAL DEL CUSCO |
||
| 082 |
_a869.6 / _bV18 |
||
| 100 |
_aValle-Inclán, Ramón del _911511 |
||
| 245 |
_aSonata de invierno : _bMemorias del marqués de Brademín / |
||
| 260 |
_aMadrid : _bImprenta Rivadeneyra, |
||
| 300 |
_a253 paginas ; _c18 cm. |
||
| 440 |
_aOpera omnia _929496 |
||
| 505 | _aContenido :Novela / | ||
| 650 |
_aLiteratura española _9362 |
||
| 650 |
_aNovelas _9218 |
||
| 650 |
_aSiglo XX _98 |
||
| 942 |
_2ddc _cLIBROS |
||
| 945 |
_arjall _d2019-04-05 |
||